Score 0/138 Timer 10:00
0 Plays Today
% Correct
a
92.7%
a
92.7%
a
92.7%
a
92.7%
I
89.4%
I
89.4%
the
86.7%
The
86.7%
the
86.7%
The
86.7%
the
86.7%
are
79.9%
Are
79.9%
are
79.9%
are
79.9%
and
74.9%
And
74.9%
And,
74.9%
and
74.9%
And
74.9%
We
71.3%
you,
69.9%
You
69.9%
you
69.9%
you
69.9%
Is
69.7%
is
69.7%
Our
69.1%
our
69.1%
our
69.1%
now
67.1%
To
66.2%
in
65.5%
Be
61.6%
be
61.6%
be
61.6%
ended.
60.7%
revels
60.5%
on,
59.8%
of
59.2%
it
57.8%
not
54.8%
not
54.8%
As
54.2%
As
54.2%
As
54.2%
% Correct
if
53.8%
If
53.8%
my
49.2%
my
49.2%
my
49.2%
my
49.2%
my
49.2%
my
49.2%
do
49%
this
45.3%
this
45.3%
all
45.2%
all
45.2%
were
44.1%
were
44.1%
with
43.7%
with
43.7%
with
43.7%
am
40.7%
life
40.6%
or
39%
dreams
38.6%
made
37.9%
thin
37.5%
there
36.8%
such
35.5%
sleep.
35.4%
These
34.8%
Ye
34.7%
stuff
34.7%
little
33.3%
into
32.5%
into
32.5%
into
32.5%
shall
32.4%
like
31.4%
like
31.4%
air,
30.4%
air:
30.4%
rounded
30.2%
look,
26.9%
which
26.5%
actors,
26.2%
spirits
26.2%
son,
25.8%
great
25.7%
% Correct
two
24.9%
globe
24.9%
foretold
24.6%
melted
23.8%
cloud-
23.8%
itself,
23.4%
Leave
23.3%
mind.
22.9%
towers,
22.7%
capp'd
22.7%
palaces,
21.9%
behind.
21.8%
Sir,
21.8%
sir.
21.8%
I'll
21.7%
gorgeous
21%
rack
20.7%
pageant
20.5%
vision,
20.1%
still
20%
insubstantial
20%
faded,
19.5%
temples,
19.4%
fabric
19.3%
walk,
19%
inherit,
18.9%
dissolve
18.8%
sort,
18.7%
solemn
18.6%
baseless
18.5%
dismay'd:
18.3%
cell
18.1%
turn
18%
cheerful,
17.8%
brain
17.6%
beating
17.6%
moved
17.5%
vex'd;
17.5%
troubled:
17.3%
Bear
15.9%
pleased,
15.8%
retire
15.8%
repose:
15.3%
infirmity:
14.9%
weakness;
13.8%
disturb'd
12.5%
Remove Ads.
Support Sporcle.
Get the best of Sporcle when you Go Orange. This ad-free experience offers more features, more stats, and more fun while also helping to support Sporcle. Thank you for becoming a member.

You're not logged in!

Compare scores with friends on all Sporcle quizzes.
OR
Log In

Show Comments

Extras

Top Quizzes Today


Score Distribution

Your Account Isn't Verified!

In order to create a playlist on Sporcle, you need to verify the email address you used during registration. Go to your Sporcle Settings to finish the process.

Report this User

Report this user for behavior that violates our Community Guidelines.

Details: